Econversations : today's students discuss today's issues / (Record no. 2724)

000 -LEADER
fixed length control field 00985cam a2200301 a 4500
001 - CONTROL NUMBER
control field 17342900
003 - CONTROL NUMBER IDENTIFIER
control field OSt
005 - DATE AND TIME OF LATEST TRANSACTION
control field 20160811160301.0
008 - FIXED-LENGTH DATA ELEMENTS--GENERAL INFORMATION
fixed length control field 120612s2013 maua 000 0 eng
010 ## - LIBRARY OF CONGRESS CONTROL NUMBER
LC control number 2012019805
020 ## - INTERNATIONAL STANDARD BOOK NUMBER
International Standard Book Number 9780132544665
020 ## - INTERNATIONAL STANDARD BOOK NUMBER
International Standard Book Number 0132544660
040 ## - CATALOGING SOURCE
Original cataloging agency DLC
Transcribing agency DLC
042 ## - AUTHENTICATION CODE
Authentication code pcc
050 00 - LIBRARY OF CONGRESS CALL NUMBER
Classification number HB171.5.E359 2013
082 00 - DEWEY DECIMAL CLASSIFICATION NUMBER
Classification number 330
Edition number 23
100 ## - MAIN ENTRY--PERSONAL NAME
Personal name Walters, John J
245 00 - TITLE STATEMENT
Title Econversations : today's students discuss today's issues /
Statement of responsibility, etc John J. Walters ... [et al.] ; edited by Stephen J.K. Walters.
250 ## - EDITION STATEMENT
Edition statement 1st ed.
260 ## - PUBLICATION, DISTRIBUTION, ETC. (IMPRINT)
Place of publication, distribution, etc Boston :
Name of publisher, distributor, etc Pearson,
Date of publication, distribution, etc c2013.
300 ## - PHYSICAL DESCRIPTION
Extent xx, 142 p. :
Other physical details ill. ;
Dimensions 24 cm.
650 #0 - SUBJECT ADDED ENTRY--TOPICAL TERM
Topical term or geographic name as entry element Economics.
700 1# - ADDED ENTRY--PERSONAL NAME
Personal name Walters, John J.
700 1# - ADDED ENTRY--PERSONAL NAME
Personal name Walters, Stephen John Kasabuski,
Dates associated with a name 1953-
906 ## - LOCAL DATA ELEMENT F, LDF (RLIN)
a 7
b cbc
c orignew
d 1
e ecip
f 20
g y-gencatlg
942 ## - ADDED ENTRY ELEMENTS (KOHA)
Source of classification or shelving scheme
Koha item type Book

No items available.


Riara University Library,
P.O. Box 49940-00100,
Nairobi, Kenya.